|
|
|
|
| LEADER |
01176nam a2200277 a 4500 |
| 001 |
4395174 |
| 008 |
091102s1992 dcu b f000 0 eng d |
| 010 |
|
|
|a 92014033
|
| 020 |
|
|
|a 1565170040 :
|c $9.95
|
| 040 |
|
|
|a DLC
|c DLC
|d DLC
|
| 082 |
0 |
0 |
|a 338.9/1/091724
|2 20
|
| 100 |
1 |
|
|a Nelson, Joan M.
|
| 245 |
1 |
0 |
|a Encouraging democracy :
|b what role for conditioned aid? /
|c Joan M. Nelson with Stephanie J. Eglinton.
|
| 260 |
|
|
|a Washington, D.C. :
|b Overseas Development Council,
|c 1992.
|
| 300 |
|
|
|a viii, 72 p. ;
|c 23 cm.
|
| 490 |
0 |
|
|a Policy essay ;
|v no. 4
|
| 541 |
1 |
|
|e 00006491
|
| 504 |
|
|
|a Includes bibliographical references (p. 65-68).
|
| 650 |
|
0 |
|a Economic assistance
|x Political aspects.
|
| 650 |
|
0 |
|a Democracy
|z Developing countries.
|
| 650 |
|
0 |
|a Human rights
|z Developing countries.
|
| 651 |
|
0 |
|a Developing countries
|x Politics and government.
|
| 700 |
1 |
|
|a Eglinton, Stephanie J.
|
| 852 |
4 |
|
|a Ayesha Abed Library
|j General Shelf.
|
| 999 |
|
|
|c 5019
|d 5019
|
| 952 |
|
|
|0 0
|1 0
|2 ddc
|4 0
|6 338_910917240000000_NEL_1992
|7 0
|8 NFIC
|9 4843
|a BRACUL
|b BRACUL
|c GEN
|d 2009-11-03
|g 0.00
|l 0
|o 338.91091724 NEL
|p 3010006491
|r 2009-11-03
|t 1
|w 2009-11-03
|y BK
|x No price found in the accession register.
|